000
00285nam a22001337a 4500
008
180111b xxu||||| |||| 00| 0 eng d
020
_a
12936
041
_a
eng
080
_a
821
100
_a
21
101
_a
GJL
245
_a
England in Literature
_c
McDonnell, H
942
_2
udc
_c
BK
999
_c
40147
_d
40147